El arrendamiento urbano en la República Dominicana / (Record no. 7915)
[ view plain ]
| 000 -CABECERA | |
|---|---|
| campo de control de longitud fija | 00568nam a2200169 a 4500 |
| 001 - NÚMERO DE CONTROL | |
| campo de control | 000008138 |
| 005 - FECHA Y HORA DE LA ÚLTIMA TRANSACCIÓN | |
| campo de control | 20240301141933.0 |
| 008 - DATOS DE LONGITUD FIJA--INFORMACIÓN GENERAL | |
| campo de control de longitud fija | 090915s2000 dr r 001 0 spa d |
| 040 ## - FUENTE DE LA CATALOGACIÓN | |
| Centro catalogador/agencia de origen | DO-SdBNP |
| Lengua de catalogación | spa |
| Centro/agencia transcriptor | BNPHU |
| 082 ## - NÚMERO DE LA CLASIFICACIÓN DECIMAL DEWEY | |
| Número de clasificación | xxxx |
| Número de documento/Ítem | V468a |
| 100 1# - ENTRADA PRINCIPAL--NOMBRE DE PERSONA | |
| Nombre de persona | Ventura, Carlos |
| 9 (RLIN) | 22086 |
| 245 13 - MENCIÓN DE TÍTULO | |
| Título | El arrendamiento urbano en la República Dominicana / |
| Mención de responsabilidad, etc. | Carlos Ventura, prólogo Mariano Germán Mejía. |
| 260 ## - PUBLICACIÓN, DISTRIBUCIÓN, ETC. | |
| Lugar de publicación, distribución, etc. | Santo Domingo : |
| Nombre del editor, distribuidor, etc. | La Abeja, |
| Fecha de publicación, distribución, etc. | 2000. |
| 300 ## - DESCRIPCIÓN FÍSICA | |
| Extensión | 201 p. |
| 590 ## - NOTA LOCAL (RLIN) | |
| Nota local | Inventariado, 2019/BT |
| 700 1# - PUNTO DE ACCESO ADICIONAL--NOMBRE DE PERSONA | |
| Nombre de persona | Germán M., Mariano, |
| Fechas asociadas al nombre | 1946- |
| Forma completa/desarrollada del nombre | (Germán Mejía) |
| Término indicativo de función/relación | pról. |
| 9 (RLIN) | 9311 |
| Estado de retiro | Estado de pérdida | No para préstamo | Código de colección | Localización permanente | Ubicación/localización actual | Ubicación en estantería | Fecha de adquisición | Número de inventario | Total de préstamos | Signatura topográfica completa | Código de barras | Fecha visto por última vez | Precio válido a partir de | Tipo de ítem Koha | Número de copia | Nota pública |
|---|---|---|---|---|---|---|---|---|---|---|---|---|---|---|---|---|
| Excluido de préstamo | Patrimonio Dominicano | Patrimonio Dominicano | Patrimonio Dominicano | Depósito | 15.09.2009 | LF1 | xxxx V468a | 8138-10 | 25.06.2020 | 25.06.2020 | Libro y Folleto Colección Patrimonio Dominicano | |||||
| Excluido de préstamo | Patrimonio Dominicano | Patrimonio Dominicano | Patrimonio Dominicano | Depósito | 15.09.2009 | LF1 | xxxx V468a | 8138-20 | 25.06.2020 | 25.06.2020 | Libro y Folleto Colección Patrimonio Dominicano | e.2 | Perteneció a la biblioteca personal de la familia Reyes Duluc. |
